000 00494 a2200193 4500
005 20260401110016.0
008 260319b |||||||| |||| 00| 0 eng d
020 _a9788119391325
_cRs. 1800.00
040 _aMAIN
082 _a340.115
_bA84A
100 _aArun Kumar
245 _a Ambedkar and social justice
260 _bAsia Publishers and Distributors
_c2023
_aNew Delhi
300 _avi, 284
650 _aLaw
650 _aSocial Justice
650 _aConstitution
942 _cBK
999 _c395748
_d395748